| 000 | 01534nam a22003611i 4500 | ||
|---|---|---|---|
| 001 | 016327677 | ||
| 003 | EG-ScBUE | ||
| 005 | 20220413100349.0 | ||
| 008 | 140204s2012 enka f d 001 0 eng d | ||
| 020 | _a0273753878 | ||
| 020 | _a9780273753872 (paperback) | ||
| 040 |
_aIiNdDKA _beng _erda _cIiNdDKA _dEG-ScBUE |
||
| 082 | 0 | 4 |
_a657.42 _222 _bHOR |
| 100 | 1 |
_aHorngren, Charles T., _d1926-2011, _eauthor. |
|
| 245 | 1 | 0 |
_aCost accounting : _ba managerial emphasis / _cCharles T. Horngren, Stanford University, Srikant M. Datar, Harvard University, Madhav V. Rajan, Stanford University. |
| 250 |
_aFourteenth edition, _bHorizon edition. |
||
| 264 | 1 |
_aHarlow, Essex, England : _bPearson Education Limited, _c2012. |
|
| 300 |
_a892 pages : _billustrations (black and white) ; _c28 cm. |
||
| 336 |
_atext _2rdacontent _btxt |
||
| 337 |
_aunmediated _2rdamedia _bn |
||
| 338 |
_avolume _2rdacarrier _bnc |
||
| 490 | 0 | _aPearson horizon editions | |
| 500 | _a"Authorized adaptation from the Global edition, entitled Cost accounting : a managerial emphasis, 14th edition, ISBN: 978-0-273-75387-2 by Charles T. Horngren, Srikant M. Datar and Madhav V. Rajan, published by Pearson Education ©2013"--Title page verso. | ||
| 500 | _aIncludes index. | ||
| 500 | _aIncludes glossary. | ||
| 500 | _aIncludes appendix. | ||
| 650 | 7 |
_aCost accounting. _2BUEsh _937739 |
|
| 653 |
_bGGEN _cApril2022 |
||
| 655 |
_vReading book _934232 |
||
| 700 | 1 |
_aDatar, Srikant M., _eauthor. |
|
| 700 | 1 |
_aRajan, Madhav V., _eauthor. |
|
| 942 |
_2ddc _cBB |
||
| 999 |
_c29882 _d29853 |
||